=LDR 00000nam 2200000 4500 =001 INLIS000000000002761 =005 20130612091101 =008 ***********************************Ind** =035 ##$$0010-061300000002761 =041 ##$$a Ind =082 ##$$a F Rom D =090 ##$$a F Rom D, Nee k =100 ##$$a Neels, Betty =245 ##$$a Kekasih hati, Betty Neels; Alih bahasa, Indah Saetoif =260 ##$$a 2000 $b Jakarta =300 ##$$a 256 hlm, 18 cm =650 ##$$a Fiksi Dewasa =650 ##$$a Terjemahan =700 ##$$a Saetoif, Indah =850 ##$$a NBPNMAT